El fenómeno burocrático: ensayo sobre las tendencias burocráticas de los siistemas de organización modernos y sus relaciones con el sistema social y cultural
Gespeichert in:
| 1. Verfasser: | |
|---|---|
| Format: | Buch |
| Sprache: | Spanisch |
| Veröffentlicht: |
Buenos Aires
Amorrortu
1969
|
| Schriftenreihe: | Biblioteca de Sociología
|
| Schlagworte: | |
| Tags: |
Tag hinzufügen
Keine Tags, Fügen Sie den ersten Tag hinzu!
|
MARC
| LEADER | 00000nam a2200000 a 4500 | ||
|---|---|---|---|
| 001 | UCQ0400 | ||
| 003 | CL-VaPUC | ||
| 008 | 980627e19690000AG |||||||||||||||||spa|d | ||
| 082 | 0 | 4 | |a 302.35 |b CRO |2 21 |
| 100 | 0 | |a Crozier, Michel |e author |9 413590 | |
| 245 | 1 | 3 | |a El fenómeno burocrático: ensayo sobre las tendencias burocráticas de los siistemas de organización modernos y sus relaciones con el sistema social y cultural |
| 300 | |a 2 v | ||
| 942 | |c BK | ||
| 945 | |d 19980627 00:00:00 |a crobeson | ||
| 260 | |a Buenos Aires |b Amorrortu |c 1969 | ||
| 650 | 0 | |a Burocracia |9 255511 | |
| 650 | 0 | |a Sociología política |9 255920 | |
| 650 | 7 | |a ORGANIZACION BUROCRATICA |2 CL-VaPUC |9 413591 | |
| 650 | 0 | |a Función pública |9 343165 | |
| 650 | 0 | |a Administración pública |9 255343 | |
| 650 | 7 | |a MONOPOLIO |2 CL-VaPUC |9 368825 | |
| 650 | 0 | |a Sistemas sociales |9 308361 | |
| 651 | 0 | |a Francia |9 255157 | |
| 583 | |a last modification |c 19980627 00:00:00 |k Rodrigo Vera | ||
| 490 | 0 | |a Biblioteca de Sociología | |
| 999 | |c 271532 |d 271530 | ||
| 952 | |0 0 |1 0 |4 0 |6 302_350000000000000_CRO_1969 |7 0 |8 A |9 306213 |a BIBENE |b BIBENE |d 2019-11-20 |h v.1 |i 1424645 |o 302.35 CRO 1969 |p 1424645 |r 2025-01-15 |w 2019-11-20 |y BK |k ICO | ||
| 952 | |0 0 |1 0 |4 0 |6 302_350000000000000_CRO_1969 |7 0 |8 A |9 306214 |a BIBENE |b BIBENE |d 2019-11-20 |h v.2 |i 1424653 |o 302.35 CRO 1969 |p 1424653 |r 2025-01-15 |w 2019-11-20 |y BK |k ICO | ||